000 00648nab a2200193 4500
001 244442
003 OSt
005 20230807111929.0
007 tu
008 200917s2020|||||||
040 _aDE-2950
_cDE-2950
245 0 0 _aTrauerspiel um Trauerhalle
_cInes Weber-Rath
_bBestattungen. Fast zwei Jahre lang war das Gebäude auf dem Friedhof in Lossow gesperrt. Bauliche Mängel waten offensichtlich nicht der entscheidende Grund/
264 _c2023
653 _aFrankfurt (Oder)
653 _aLossow
653 _aTrauerhalle
773 0 _g34. Jahrgang (2023) Nr. 177 vom 01.08.2023, S. 13, mit Foto
_tMärkische Oderzeitung
942 _2z
_cA
999 _c372664
_d372664